|
|
|
|
| LEADER |
01076nam a2200349 4500 |
| 001 |
DLU090096447 |
| 005 |
##20091201 |
| 040 |
# |
# |
|a DLU
|b eng
|
| 041 |
# |
# |
|a eng
|
| 044 |
# |
# |
|a us
|
| 245 |
# |
# |
|a Molecular cloning, structural analysis, expression in Escherichia coli of a chitinase gene from Enterobacter agglomerans /
|c L. S. Chernin ... [et al.].
|
| 653 |
# |
# |
|a Enterobacter agglomerans
|
| 653 |
# |
# |
|a Escherichia coli
|
| 653 |
# |
# |
|a Molecular cloning
|
| 653 |
# |
# |
|a Structural analysis
|
| 700 |
# |
# |
|a Chernin, L. S.
|
| 700 |
# |
# |
|a Chet, I.
|
| 700 |
# |
# |
|a Fuente, L. De la.
|
| 700 |
# |
# |
|a Haran, S.
|
| 700 |
# |
# |
|a Oppenheim, A. B.
|
| 700 |
# |
# |
|a Sobolev, V.
|
| 700 |
# |
# |
|a Vorgias, C. E.
|
| 773 |
# |
# |
|t Applied and Environmental Microbiology
|g Vol. 63, no. 3 (March 1997), p. 834-839
|
| 920 |
# |
# |
|a Phòng Tạp chí -- Trung tâm Thông tin - Thư viện Trường Đại học Đà Lạt
|
| 994 |
# |
# |
|a DLU
|
| 900 |
# |
# |
|a True
|
| 911 |
# |
# |
|a Trương Bảo Trâm Anh
|
| 925 |
# |
# |
|a G
|
| 926 |
# |
# |
|a A
|
| 927 |
# |
# |
|a BB
|
| 980 |
# |
# |
|a Thư viện Trường Đại học Đà Lạt
|